000
00335nam a2200145Ia 4500
999
_c
523060
_d
523060
005
20190130133907.0
008
190125s9999 xx 000 0 und d
040
_c
DLC
082
_a
891.4393
_b
GOR
100
_a
Maxim Gorky
_9
13337
245
_a
Maan /
260
_b
Book Home
_a
Lahore
_c
2012
300
_a
416p. :
942
_2
ddc
_c
BK